Popularne numery rap/trap tygodnia 06-12.08.21 Spotify. - Statystyki

Ogólne statystyki
  • Ten quiz został rozwiązany 9 razy
  • Średni wynik to 19 z 30
Statystyki odpowiedzi
Wykonawca Odsłuchania Utwór % Poprawnych
OIO 579K Amerykańskie Teledyski
100%
Kizo 1.42M Disney
100%
Ekipa, Jacuś 629K Zygzak
100%
Sobel 720K Bandyta
89%
Sobel 797K Fiołkowe Pole
89%
Young Leosia, Żabson 1.71M Jungle Girl
89%
Mata 1.81M Kiss cam (podryw roku)
89%
Kizo 787K Król balu
89%
Mata, White 2115 1.35M La La La (Oh Oh)
89%
Mata 611K Patoreakcja
89%
OIO 539K Worki W Tłum
89%
Guzior, Oskar83 469K FALA
78%
Sobel 411K Impreza
78%
Kizo, Wac Toja 731K Nasze Lato
78%
Chivas, White 2115 510K Mam Na Twarzy Krew I Tym Razem Nie Jest Sztuczna
67%
Zdechły Osa 719K Patolove
67%
Żabson, Kizo, ZetHa 918K Puerto Bounce
67%
Wiatr, Sobel, Be Vis 437K Testarossa
67%
Sobel 431K Kinol
56%
Guzior 471K BLUEBERRY
44%
White 2115 472K Booker (baw się)
44%
Smolasty 533K Duże Oczy
44%
OIO 526K Przypadkiem
44%
Mata 412K Schodki
44%
Malik Montana 509K Głosy w Głowie
33%
Magiera, Sobel 642K Drobna Zabawa
22%
Jacuś 419K Queen
22%
Sokół, Sarius 433K Cześć
11%
Tymek, Brodka, Urbanski 438K Ostatni
11%
Arne 424K Poranna Rosa
0%
Nie znaleziono quizów pasujących do podanych kryteriów
Rozkład punktacji
Procent ludzi z każdym wynikiem
Percentyl według liczby udzielonych odpowiedzi
Twoja historia wyników
Nie rozwiązałeś tego quizu